Smart Card Handbook (Record no. 24803)

000 -LEADER
fixed length control field 00273nam a22000977a 4500
008 - FIXED-LENGTH DATA ELEMENTS--GENERAL INFORMATION
fixed length control field 150423b xxu||||| |||| 00| 0 eng d
020 ## - INTERNATIONAL STANDARD BOOK NUMBER
International Standard Book Number 978-0-470-74367-6
Terms of availability Available
082 ## - DEWEY DECIMAL CLASSIFICATION NUMBER
Edition number Fourth Edition
245 ## - TITLE STATEMENT
Title Smart Card Handbook
Statement of responsibility, etc. Rankl Wolfgane
260 ## - PUBLICATION, DISTRIBUTION, ETC.
Place of publication, distribution, etc. UK
Name of publisher, distributor, etc. Wiley & Sons
Date of publication, distribution, etc. 2010
Holdings
Withdrawn status Lost status Source of classification or shelving scheme Damaged status Not for loan Permanent Location Current Location Shelving location Date acquired Total Checkouts Full call number Barcode Date last seen Date last checked out Price effective from Koha item type
          Central Library (CL) Central Library (CL) First Floor - Data Communication/Network/Architecture 04/23/2015 1 004.56RAN RCMS002862 04/18/2018 03/20/2018 04/23/2015 Reference
© 2023 Central Library, National University of Sciences and Technology. All Rights Reserved.